000
00287nmm a2200097Ia 4500
008
220120s9999||||xx |||||||||||||||||und||
020
_a
81-203-2797-7
100
_a
LFY
_9
10674
245
0
_a
November 2010 : ubuntu 10.10, ISO images of kubuntu 10.10 lu
260
_a
EFY enterprises
_b
New Delhi
999
_c
139627
_d
139627